000 01036nam a2200325 c 4500
999 _c343933
_d343933
003 BLK
005 20240316005344.0
008 180911b bul|||||r ||||||| ||bul||
010 _a003594
040 _aBLK
041 _aDEU
_cBUL
080 _aСборник
_x92
_z830.09830(092)92
100 1 _aWEITBRECHT, Carl
_eпърви автор
_9397016
245 0 0 _aDeutsche Literaturgeschichte des 19. Jahrhunderts
_nT. 2
246 _aT. 2-
260 _aLeipzig
_bG. J. Goschen
_c1901 -
_g19011901
300 _a144 с
_c15 см
380 _a82
490 _aSamml. Goschen
490 _aЧастна колекция - Академик Михаил Арнаудов
_gДарение - Основен фонд
650 4 _aБиографии
_9148657
650 0 _aСборници
_9396392
655 _aЛитературознание
_9396446
700 1 _aCarl Weitbrecht
_9397542
852 _aМА 849
942 _cKNG
_n0
_s1
944 _aCR
_c1996
_k
_lCRON CRON
999 _d343933
999 _d343933